000 01128nam a2200301 i 4500
003 EG-GICUC
005 20260502120139.0
008 260502s1978 ua fr|||| 00| 0 ara d
040 _a EG-GICUC
_bara
_c EG-GICUC
_d EG-GICUC
_erda
041 _aara
082 0 4 _221
_a345.455
_bن ب . ح
092 0 4 _221
099 _aLaw1 07 345.455 ن ب . ح 1978
100 0 _aنبيل رسلان
_eمؤلف.
245 1 2 _a الحوافز في قوانين العاملين بالحكومة والقطاع العام /
_c تأليف دكتور نبيل رسلان.
264 1 _aالقاهرة :
_bدار النهضة العربية،
_c1978.
300 _a805 ؛ صفحة
_c24 سم
336 _2rda content
_atext
337 _2rda media
_aComputer
338 _2rda carrier
_aOnline Resource
504 _aيشتمل على إرجاعات ببليوجرافية وكشاف.
546 _aالنص باللغة العربية
650 1 _aالقانون الإداري
_2qrmak
651 1 _2qrmak
856 4 0 _uhttps://fll.law.cu.edu.eg/fulltext/bks/B07-01723.pdf
905 _a167
942 _2ddc
_cBK
_e21
_n0
999 _c74788
_d74788